000 00865nam a22002411 4500
001 94225
003 ES-MaACL
005 20230906181429.0
007 t|
008 930725s1906 sp ||||0| spa d
016 7 _zIND9300618344
040 _aM-BN
_bspa
_cA2
100 1 _aMorelle, Fréderic-Auguste-Jules-Marie.
_983250
245 1 4 _aLas llaves del campo /
_cComandante Morelle. Traducida... por D. Antonio Padró.
260 _aBarcelona :
_bRevista Científico-Militar,
_c1906.
300 _a2 part. en 1 v :
_blám., plan ;
_c23 cm.
490 1 _aPublicaciones de la Revista Científico Militar y Biblioteca Militar
650 1 4 _aArtillería de campaña.
_910357
700 1 _aPadró, A.
_988202
830 0 _aPublicaciones de la Revista Científico Militar y Biblioteca Militar
_9183232
852 _aES-MaACL
_jG-9357(1)
999 _c94225
_d94225